| 000 | 00658nam a22002417a 4500 | ||
|---|---|---|---|
| 999 |
_c5995 _d5995 |
||
| 001 | 5995 | ||
| 003 | BD-JhCC | ||
| 005 | 20171231192744.0 | ||
| 008 | 171231b xxu||||| |||| 00| 0 eng d | ||
| 035 | _a(BD-JhCC)5995 | ||
| 040 |
_aBD-JhCC _dBD-JhCC |
||
| 041 | _aEng | ||
| 082 |
_a891.446 _bRAS 1993 |
||
| 100 | _aRashid, M. Harunur | ||
| 245 |
_aThe Bangla Academy Journal / _bA Half Yearly Liteture Journal July-December 1993 _cM. Harunur Rashid |
||
| 260 |
_aDhaka : _bBangla Academy; _c1993. |
||
| 300 |
_a102 p. : _c24 cm. |
||
| 490 | _vVOL. XX No. 2 | ||
| 650 | _aBengali Literature | ||
| 650 | _aMagazine | ||
| 942 |
_2ddc _cBK |
||